000 00584nam a2200205Ia 4500
005 20250326141103.0
008 250326s9999 xx 000 0 und d
020 _a0-7494-3365-5
037 _aTextbook
040 _aFMSL
_beng
_cFMSL
041 _aeng
_2eng
084 _aX:89Qg P0
_qFMSL
100 _aRushton Alan
_9283882
245 0 _aHandbook of logistices and distribution management
_cRushton Alan And Others
250 _a2
260 _aLondon
_bLondon, Kogan Page
_c2000
300 _axxxiii,571
942 _cTB
_hX:89Qg P0
999 _c1288639
_d1288639